| 000 | 00835nam a2200253 i 4500 | ||
|---|---|---|---|
| 003 | DO-SdBNP | ||
| 005 | 20250828101919.0 | ||
| 007 | ta | ||
| 008 | 250828s1988 dr 000 j spa d | ||
| 040 |
_aDO-SdBNP _bspa _cBNPHU _erda |
||
| 082 |
_axxx _bR426L _222 |
||
| 100 | _920516 | ||
| 110 |
_aRepública Dominicana. _bSecretaria de Estado de Finanzas, Dirección General del Impuesto Sobre la Renta _932074 |
||
| 242 | _a[Leyes, etc.] | ||
| 245 | 1 | 0 | _aLey no. 18-88 Impuesto sobre las viviendas suntuarias y los solares urbanos no edificados |
| 264 | 1 |
_aSanto Domingo : _bCongreso Nacional, _c1988 |
|
| 300 |
_a8 páginas, _c22 cm. |
||
| 336 |
_2rdacontent _atexto _btxt |
||
| 337 |
_2rdamedia _asin mediación _bn |
||
| 338 |
_2rdacarrier _avolumen _bnc |
||
| 590 | _aInventariado, 2025/DG | ||
| 910 | _aDG | ||
| 942 |
_2ddc _cLF2 |
||
| 999 |
_c59838 _d59838 |
||